000 00276nam a2200121 i 4500
001 bg
245 0 _aPomorskie środowisko przyrodnicze.
_nT.7 i 8.
260 _aSłupsk,
_c1979.
040 _cBPK
041 _apol
942 _cKS
008 s pl f |000 0 pol
999 _c20636
_d20636
856 _uhttp://koha.tu.koszalin.pl/cgi-bin/koha/opac-detail.pl?biblionumber=20636
_yKatalog online BPK